US States with NCAA Fencing Teams - Statistics

General Stats
  • This quiz has been taken 28 times
  • The average score is 13 of 16
Answer Stats
Number of Universities State % Correct
2 California
100%
10 New York
92%
3 Ohio
92%
2 Michigan
88%
2 North Carolina
88%
1 Texas
88%
1 Illinois
83%
5 Pennsylvania
83%
1 Wisconsin
83%
2 Connecticut
79%
1 Indiana
79%
5 New Jersey
79%
1 Maryland
75%
6 Massachusetts
75%
1 Colorado
71%
1 Rhode Island
67%
No matching quizzes found
Score Distribution
Percent of People with Each Score
Percentile by Number Answered
Your Score History
You have not taken this quiz